| 000 | 00345nam a22001337a 4500 | ||
|---|---|---|---|
| 020 | _a9789381226834 | ||
| 082 |
_a630.56 _bRAM/DE |
||
| 100 |
_aRamesh Chandra Bharati _9844 |
||
| 100 |
_aAnil Kumar Singh _9845 |
||
| 245 | _aDesigning Agricultural Research | ||
| 260 |
_aDelhi _bSatish Serial Publishing House _c2014 |
||
| 300 | _a178 | ||
| 942 | _cBK | ||
| 999 |
_c14493 _d14493 |
||